000 00544nam a2200193 4500
005 20250924113146.0
008 250924b |||||||| |||| 00| 0 eng d
040 _aMAIN
082 _a658.312
_bA63C
100 _aAnkit Kumar
245 _aChallenges and prospects of green human resource management practices in it sector
260 _bDepartment of IMSAR, M D University, Rohtak
_c2025
300 _avii, 186
650 _aManagement
650 _aHuman Resource Management
700 _aKant, Saurabh
942 _cTH
999 _c393534
_d393534